[Event "Titled Tuesday intern op 12th Mar Early"]
[Site "Chess.com INT"]
[Date "2024.03.12"]
[Round "5"]
[White "Plat, Vojtech"]
[Black "Parfenov, Viktor N"]
[Result "1-0"]
[WhiteElo "2528"]
[BlackElo "2193"]
[PlyCount "45"]
[EventDate "2024.03.12"]
[EventType "swiss (blitz)"]
[EventRounds "11"]
[EventCountry "USA"]
[SourceTitle "CB12_2024"]
[SourceDate "2023.10.01"]
[SourceVersion "1"]
[SourceVersionDate "2023.10.01"]
[SourceQuality "1"]

1. e4 e5 2. Nf3 Nc6 3. Bb5 a6 4. Ba4 Nf6 5. d4 exd4 6. 0-0 Be7 7. Re1 b5 8. e5 Nxe5 9. Nxe5 bxa4 10. Qxd4 0-0 11. Qxa4 Rb8 12. c4 Re8 13. Nc3 Bd6 14. Bf4 Rxb2 15. Nd3 Rb8 16. Bxd6 cxd6 17. Rxe8+ Qxe8 18. Re1 Qd8 19. Qa3 Rb6 20. Qa5 Qc7 21. Nd5 Qxc4 22. Qxb6 Qxd5 23. Qd8+ 1-0

[Event "Titled Tuesday intern op 12th Mar Late"]
[Site "Chess.com INT"]
[Date "2024.03.12"]
[Round "2"]
[White "Plat, Vojtech"]
[Black "Teimouri Yadkuri, Shahdad"]
[Result "1-0"]
[WhiteElo "2528"]
[BlackElo "2151"]
[PlyCount "100"]
[EventDate "2024.03.12"]
[EventType "swiss (blitz)"]
[EventRounds "11"]
[EventCountry "USA"]
[SourceTitle "CB12_2024"]
[SourceDate "2023.10.01"]
[SourceVersion "1"]
[SourceVersionDate "2023.10.01"]
[SourceQuality "1"]

1. e4 c5 2. Nf3 e6 3. c3 d5 4. exd5 Qxd5 5. d4 Nf6 6. Be2 Be7 7. 0-0 cxd4 8. Nxd4 0-0 9. Nd2 e5 10. Bf3 Qd8 11. N4b3 Nc6 12. Qe2 Bf5 13. Ne4 Bxe4 14. Bxe4 Nxe4 15. Qxe4 f5 16. Qc4+ Kh8 17. Be3 f4 18. Bc5 f3 19. Rfd1 Qe8 20. g3 Rd8 21. Bxe7 Qxe7 22. Nc5 Rxd1+ 23. Rxd1 Rd8 24. Rxd8+ Qxd8 25. Qd3 Qxd3 26. Nxd3 b6 27. Kf1 g5 28. Ke1 Kg7 29. Kd2 g4 30. Ke3 Kf6 31. Ke4 Ke6 32. a4 h5 33. b4 Kf6 34. b5 Na5 35. Nxe5 Nb3 36. Nc6 Nc5+ 37. Kd4 Nxa4 38. Nxa7 Nc5 39. Nc8 Nb3+ 40. Ke3 Ke5 41. Nxb6 Nc5 42. Nc4+ Kd5 43. Nd2 Ne6 44. Ne4 Kc4 45. b6 Nd8 46. Nf6 Kc5 47. Nxh5 Kxb6 48. Nf6 Kc5 49. Nxg4 Kc4 50. Kxf3 Kxc3 1-0

[Event "Bremen Jubilee 125 op"]
[Site "Bremen"]
[Date "2024.03.07"]
[Round "6"]
[White "Breutigam, Martin"]
[Black "Plat, Vojtech"]
[Result "0-1"]
[WhiteElo "2359"]
[BlackElo "2528"]
[PlyCount "108"]
[EventDate "2024.03.02"]
[EventType "swiss"]
[EventRounds "9"]
[EventCountry "GER"]
[SourceTitle "CB11_2024"]
[SourceDate "2024.03.13"]
[SourceVersion "1"]
[SourceVersionDate "2024.03.13"]
[SourceQuality "1"]

1. d4 d6 2. c4 e5 3. d5 Be7 4. Nc3 Bg5 5. e3 f5 6. Nf3 Bf6 7. e4 Ne7 8. exf5 Bxf5 9. Bd3 0-0 10. 0-0 Nd7 11. Be3 Qe8 12. Ne4 Bg6 13. Nfg5 Bxg5 14. Nxg5 Bxd3 15. Qxd3 Qg6 16. Qxg6 Nxg6 17. g3 Nf6 18. f3 h6 19. Ne4 Ne7 20. Kg2 a6 21. a4 a5 22. Rad1 b6 23. Bg1 Kh7 24. Nc3 Rf7 25. b3 g5 26. f4 exf4 27. gxf4 g4 28. Nb5 Nf5 29. Nd4 Nh5 30. Ne6 Nh4+ 31. Kf2 Rg8 32. Ke3 g3 33. Ke4 gxh2 34. Bxh2 Rg2 35. Rh1 Nf5 36. Kd3 Rg4 37. Rd2 Nhg7 38. Re1 Rh4 39. Re4 Rh3+ 40. Kc2 Ne3+ 41. Rxe3 Rxe3 42. Nd4 Nf5 43. Ne6 Re1 44. Kb2 c5 45. Ka3 Rf6 46. Rg2 Rfxe6 47. dxe6 Rxe6 48. Rd2 Re1 49. Rg2 Re4 50. Rd2 Kg6 51. Rg2+ Kf7 52. Rd2 Re1 53. Rg2 Rf1 54. Re2 Rf3 0-1

[Event "Bundesliga 2324"]
[Site "Germany"]
[Date "2024.01.14"]
[Round "6.4"]
[White "Anton Guijarro, David"]
[Black "Plat, Vojtech"]
[Result "1-0"]
[WhiteElo "2653"]
[BlackElo "2503"]
[PlyCount "97"]
[EventDate "2023.10.21"]
[EventType "team-tourn"]
[EventRounds "15"]
[EventCountry "GER"]
[SourceTitle "CB03_2024"]
[SourceDate "2024.01.17"]
[SourceVersion "1"]
[SourceVersionDate "2024.01.17"]
[SourceQuality "1"]
[WhiteTeam "Viernheim"]
[BlackTeam "Remagen Sinzig"]
[WhiteTeamCountry "GER"]
[BlackTeamCountry "GER"]

1. c4 e5 2. g3 Nf6 3. Bg2 Be7 4. Nf3 d6 5. d4 Nbd7 6. Nc3 0-0 7. 0-0 a5 8. b3 Re8 9. Qc2 c6 10. Rd1 Bf8 11. e4 exd4 12. Nxd4 Nc5 13. h3 g6 14. Bf4 Nh5 15. Be3 Qe7 16. Re1 Bg7 17. Rad1 Nf6 18. Bf4 Nh5 19. Nxc6 bxc6 20. Bxd6 Qa7 21. g4 Nb7 22. Bh2 Nf6 23. e5 Nxg4 24. hxg4 Bxg4 25. Bxc6 Bxd1 26. Qxd1 Rf8 27. Qf3 Rab8 28. Nb5 Qb6 29. Nd6 Nd8 30. Bd5 Ne6 31. Qg4 h5 32. Qe4 Kh7 33. Kg2 Qc7 34. Bg3 Qd7 35. Rh1 Kg8 36. f4 Nc7 37. f5 Nxd5 38. Qxd5 gxf5 39. Rxh5 Qe6 40. Nxf5 Rfd8 41. Qe4 Rd2+ 42. Kf1 Rd1+ 43. Be1 Re8 44. Nxg7 Kxg7 45. Qh4 Rg8 46. Ke2 Ra1 47. Rh7+ Kf8 48. Qd8+ Qe8 49. Rxf7+ 1-0

[Event "EU-ch Blitz"]
[Site "Zagreb"]
[Date "2023.12.16"]
[Round "10"]
[White "Plat, Vojtech"]
[Black "Papasimakopoulos, Alexandros"]
[Result "1-0"]
[WhiteElo "2509"]
[BlackElo "2392"]
[PlyCount "157"]
[EventDate "2023.12.16"]
[EventType "swiss (blitz)"]
[EventRounds "13"]
[EventCountry "CRO"]
[SourceTitle "CB51_2023"]
[SourceDate "2023.12.20"]
[SourceVersion "1"]
[SourceVersionDate "2023.12.20"]
[SourceQuality "1"]

1. e4 e6 2. Qe2 c5 3. Nf3 Nc6 4. g3 g6 5. Bg2 Bg7 6. 0-0 Nge7 7. c3 d5 8. d3 h6 9. Na3 a6 10. Nc2 b5 11. exd5 Nxd5 12. d4 cxd4 13. Ncxd4 Nxd4 14. Nxd4 0-0 15. Bd2 Bb7 16. Rad1 Qb6 17. a3 Rad8 18. Bc1 Rd7 19. Rfe1 Rfd8 20. h4 Ne7 21. Bxb7 Qxb7 22. Nf3 Rd5 23. Bf4 Qd7 24. Rxd5 Qxd5 25. Nd2 Qd3 26. Qxd3 Rxd3 27. Ne4 e5 28. Bc1 f5 29. Nc5 Rd6 30. Kf1 Kf7 31. Ke2 e4 32. Bf4 Rc6 33. Nb7 Rb6 34. Nc5 Rc6 35. Nb3 Nd5 36. Bc1 Ke6 37. f3 exf3+ 38. Kxf3+ Kf7 39. Bd2 Nb6 40. Be3 Nc4 41. Re2 Rd6 42. Bd4 Bxd4 43. Nxd4 Kf6 44. Kf2 g5 45. hxg5+ hxg5 46. Kg2 Ne5 47. Rf2 f4 48. gxf4 gxf4 49. Rxf4+ Kg6 50. Kf1 Nc4 51. Rf2 Rd5 52. Ke1 a5 53. Kd1 b4 54. axb4 axb4 55. Kc2 Nxb2 56. Kxb2 bxc3+ 57. Kxc3 Rc5+ 58. Kd3 Ra5 59. Ke4 Ra4 60. Rf1 Ra5 61. Nc6 Rc5 62. Ne5+ Kg7 63. Rg1+ Kh7 64. Kf5 Ra5 65. Ke6 Ra6+ 66. Ke7 Ra7+ 67. Nd7 Kh6 68. Kf6 Ra6+ 69. Kf5 Ra5+ 70. Ne5 Kh7 71. Rg2 Rb5 72. Ke6 Rb6+ 73. Ke7 Rb7+ 74. Nd7 Kh6 75. Kf6 Kh5 76. Ne5 Rb6+ 77. Kf5 Kh4 78. Ng6+ Kh3 79. Nf4+ 1-0

[Event "EU-ch Rapid"]
[Site "Zagreb"]
[Date "2023.12.15"]
[Round "8"]
[White "Plat, Vojtech"]
[Black "Sarana, Alexey"]
[Result "0-1"]
[WhiteElo "2509"]
[BlackElo "2688"]
[PlyCount "164"]
[EventDate "2023.12.14"]
[EventType "swiss (rapid)"]
[EventRounds "11"]
[EventCountry "CRO"]
[SourceTitle "CB51_2023"]
[SourceDate "2023.12.20"]
[SourceVersion "1"]
[SourceVersionDate "2023.12.20"]
[SourceQuality "1"]

1. d4 Nf6 2. Nf3 d5 3. e3 e6 4. c4 Be7 5. Nc3 0-0 6. Bd3 dxc4 7. Bxc4 c5 8. 0-0 b6 9. Qe2 Bb7 10. Rd1 Qc7 11. Bb3 Nbd7 12. Bd2 Rac8 13. Rac1 Qb8 14. Be1 Rfd8 15. h3 cxd4 16. exd4 Bd6 17. Bd2 h6 18. Re1 Bf4 19. Bxf4 Qxf4 20. Qe3 Qf5 21. Bc2 Qh5 22. Ne5 Nxe5 23. dxe5 Nd5 24. Nxd5 Bxd5 25. Bb1 Qh4 26. a3 g6 27. Rcd1 Bb7 28. Rd6 Rxd6 29. exd6 Qg5 30. Qxg5 hxg5 31. Be4 Bxe4 32. Rxe4 Rc1+ 33. Kh2 Rd1 34. Ra4 Rxd6 35. Rxa7 Rd2 36. f3 Rxb2 37. a4 Kg7 38. a5 b5 39. Rb7 b4 40. a6 Ra2 41. Rxb4 Rxa6 42. h4 gxh4 43. Rxh4 g5 44. Rb4 f5 45. Kg3 Kf6 46. Rb8 Ra7 47. Rf8+ Rf7 48. Ra8 Rg7 49. Rf8+ Ke5 50. Ra8 Rc7 51. Rg8 Kf6 52. Rf8+ Kg7 53. Ra8 Rc3 54. Ra5 g4 55. Kf4 Kf6 56. Ra6 Rb3 57. Rc6 Rb2 58. Kg3 Ke5 59. Rc5+ Kd4 60. Rc1 gxf3 61. Kxf3 e5 62. Rd1+ Kc5 63. Rc1+ Kd5 64. Rd1+ Ke6 65. Ra1 Kf6 66. Ra8 Rb3+ 67. Kf2 f4 68. Ra4 Kf5 69. Ra5 Rc3 70. Rb5 Ke4 71. Rb4+ Kd5 72. Rb5+ Rc5 73. Rb2 e4 74. Rd2+ Ke5 75. Ra2 Kf5 76. Re2 Rd5 77. Ke1 Ra5 78. Kf2 Ra1 79. g3 f3 80. Rb2 Kg4 81. Rc2 Ra3 82. Rc4 Ra2+ 0-1

[Event "London GM-B"]
[Site "London"]
[Date "2023.12.07"]
[Round "6"]
[White "Radovanovic, Jovica"]
[Black "Plat, Vojtech"]
[Result "0-1"]
[WhiteElo "2251"]
[BlackElo "2509"]
[PlyCount "118"]
[EventDate "2023.12.05"]
[EventType "tourn"]
[EventRounds "9"]
[EventCountry "ENG"]
[EventCategory "5"]
[SourceTitle "CB50_2023"]
[SourceDate "2023.12.13"]
[SourceVersion "1"]
[SourceVersionDate "2023.12.13"]
[SourceQuality "1"]

1. d4 g6 2. c4 Bg7 3. Nf3 e6 4. Nc3 Ne7 5. e4 d5 6. e5 c5 7. cxd5 exd5 8. Bb5+ Nbc6 9. dxc5 0-0 10. Bxc6 bxc6 11. 0-0 Qa5 12. Bg5 Nf5 13. Rc1 Rb8 14. Na4 h6 15. Bd2 Qd8 16. Bc3 d4 17. Bd2 Ba6 18. Re1 Bb5 19. b4 g5 20. h3 Re8 21. Nb2 Qd5 22. Qb3 Qxb3 23. axb3 f6 24. g4 Nh4 25. Nxh4 gxh4 26. exf6 Bxf6 27. Nc4 d3 28. Kg2 h5 29. g5 Bd4 30. Rxe8+ Rxe8 31. Re1 Rxe1 32. Bxe1 Ba6 33. Na5 Bc8 34. Kf3 Be6 35. Kg2 Bd5+ 36. Kf1 Bf3 37. Bd2 Kf7 38. Nc4 Kg6 39. Be3 Bc3 40. Nd2 Bd5 41. f4 Bxb4 42. Kf2 Bxd2 43. Bxd2 Bxb3 44. Ke3 Be6 45. Kxd3 Bxh3 46. Ke3 Bf5 47. Be1 h3 48. Kf2 Kf7 49. Kg3 Ke6 50. Bc3 Kd5 51. g6 Bxg6 52. Kxh3 Kxc5 53. Kh4 Kd5 54. Kg5 Be8 55. Be1 c5 56. f5 c4 57. Kf6 Ke4 58. Ke6 a5 59. Bxa5 h4 0-1

[Event "Budapest Vezerkepzo Fall GM"]
[Site "Budapest"]
[Date "2023.11.03"]
[Round "8"]
[White "Tan, Jun Ying"]
[Black "Plat, Vojtech"]
[Result "1/2-1/2"]
[WhiteElo "2250"]
[BlackElo "2503"]
[PlyCount "149"]
[EventDate "2023.10.30"]
[EventType "tourn"]
[EventRounds "9"]
[EventCountry "HUN"]
[EventCategory "7"]
[SourceTitle "Mega2024 Update 01"]
[Source "Chessbase"]
[SourceDate "2023.11.12"]
[SourceVersion "1"]
[SourceVersionDate "2023.11.12"]
[SourceQuality "1"]

1. d4 d6 2. Nf3 Nf6 3. c4 c6 4. Nc3 Bf5 5. Nh4 Bg6 6. Nxg6 hxg6 7. d5 Nbd7 8. e3 a5 9. Be2 Nc5 10. 0-0 e5 11. dxe6 Nxe6 12. b3 Qc7 13. h3 Rd8 14. Bb2 g5 15. Rc1 Be7 16. a3 Nf8 17. Qc2 Ng6 18. Ne4 Nxe4 19. Qxe4 Kf8 20. b4 axb4 21. axb4 Bf6 22. Bxf6 gxf6 23. Qd4 Kg7 24. Bg4 c5 25. Qc3 Qe7 26. bxc5 dxc5 27. Rb1 Rh4 28. Rbd1 Rdh8 29. f4 gxf4 30. exf4 Rd8 31. Qg3 Rhh8 32. Bf5 Rd4 33. Bxg6 fxg6 34. f5 g5 35. Rde1 Qd7 36. Re6 Rf8 37. Rfe1 Rf7 38. Qf3 Rh4 39. R1e4 Rh8 40. Qe3 b6 41. Kh2 Ra8 42. Qf3 Qc7+ 43. Qg3 Qxg3+ 44. Kxg3 Ra3+ 45. Kg4 Rb3 46. Rc6 Rd7 47. Kh5 Rb2 48. Rg4 Rf2 49. h4 Rxf5 50. hxg5 Rb7 51. Kh4 Kf7 52. gxf6 Rxf6 53. Rc8 Rd7 54. Re4 Rd2 55. g4 Rh2+ 56. Kg3 Rc2 57. Rc7+ Kg6 58. Ree7 Rd6 59. Rcd7 Rxd7 60. Rxd7 Rxc4 61. Rd6+ Kg5 62. Rd5+ Kf6 63. Rd6+ Ke5 64. Rxb6 Rc1 65. Kh4 c4 66. Kh5 c3 67. Rc6 Kf4 68. g5 Ke3 69. g6 Rh1+ 70. Kg5 Rg1+ 71. Kf6 Kd2 72. g7 c2 73. Kf7 c1Q 74. Rxc1 Rxg7+ 75. Kxg7 1/2-1/2

[Event "Budapest Vezerkepzo Fall GM"]
[Site "Budapest"]
[Date "2023.11.01"]
[Round "5"]
[White "Plat, Vojtech"]
[Black "Deuer, Marius"]
[Result "1-0"]
[WhiteElo "2503"]
[BlackElo "2462"]
[PlyCount "57"]
[EventDate "2023.10.30"]
[EventType "tourn"]
[EventRounds "9"]
[EventCountry "HUN"]
[EventCategory "7"]
[SourceTitle "Mega2024 Update 01"]
[Source "Chessbase"]
[SourceDate "2023.11.12"]
[SourceVersion "1"]
[SourceVersionDate "2023.11.12"]
[SourceQuality "1"]

1. e4 c6 2. Nf3 d5 3. Nc3 dxe4 4. Nxe4 Nf6 5. Qe2 Nxe4 6. Qxe4 Nd7 7. Bc4 Nf6 8. Qe2 Bf5 9. d3 e6 10. h3 Bd6 11. Bd2 0-0 12. g4 Bg6 13. Ne5 Qb6 14. 0-0-0 Qc7 15. Nxg6 hxg6 16. h4 b5 17. Bb3 a5 18. a3 a4 19. Ba2 b4 20. h5 b3 21. Bb1 bxc2 22. Bxc2 Rfb8 23. hxg6 Be5 24. gxf7+ Kxf7 25. d4 Bxd4 26. Bg6+ Ke7 27. Rhe1 Bxb2+ 28. Kc2 e5 29. Qc4 1-0